000 00277nam a2200109Ia 4500
008 210107s9999 xx 000 0 und d
100 _aISO
245 0 _aQuality management system -Guidelines for performance improvements
260 _aGeneva
_bISO
300 _a56
942 _cBK
999 _c10744
_d10744